[Event "ch-PAR 2018"]
[Site "Asuncion PAR"]
[Date "2018.11.20"]
[Round "4.4"]
[White "Benitez Galeano, Alejandro"]
[Black "Delgado Ramirez, N."]
[Result "0-1"]
[WhiteElo "2065"]
[BlackElo "2621"]
[PlyCount "46"]
[EventDate "2018.11.18"]
[EventType "tourn"]
[EventRounds "9"]
[EventCountry "PAR"]
[SourceTitle "The Week in Chess 1255"]
[Source "Mark Crowther"]
[SourceDate "2018.11.26"]
[SourceVersion "1"]
[SourceVersionDate "2018.12.02"]
[SourceQuality "2"]

1. Nf3 Nf6 2. c4 g6 3. b3 Bg7 4. Bb2 O-O 5. g3 d6 6. d4 Nbd7 7. Bg2 e5 8. dxe5
dxe5 9. Nc3 e4 10. Nd4 e3 11. f3 c6 12. Nc2 Re8 13. Qc1 b5 14. Nxe3 Qb6 15.
Ncd1 Ba6 16. Ba3 bxc4 17. Nxc4 Bxc4 18. Qxc4 Ne5 19. Qa4 Nd5 20. Rb1 Nd3+ 21.
Kd2 Nf2 22. Qc4 Ne3 23. Nxe3 Qxe3+ 0-1

[Event "ch-PAR 2018"]
[Site "Asuncion PAR"]
[Date "2018.11.21"]
[Round "5.2"]
[White "Delgado Ramirez, N."]
[Black "Heinechen, Jo"]
[Result "1-0"]
[WhiteElo "2621"]
[BlackElo "2017"]
[PlyCount "55"]
[EventDate "2018.11.18"]
[EventType "tourn"]
[EventRounds "9"]
[EventCountry "PAR"]
[SourceTitle "The Week in Chess 1255"]
[Source "Mark Crowther"]
[SourceDate "2018.11.26"]
[SourceVersion "1"]
[SourceVersionDate "2018.12.02"]
[SourceQuality "2"]

1. e4 c5 2. Nf3 e6 3. d4 cxd4 4. Nxd4 a6 5. Bd3 Qc7 6. Qe2 d6 7. f4 Nd7 8. O-O
Ngf6 9. Kh1 Be7 10. c4 b6 11. Nc3 Bb7 12. Bd2 Rc8 13. Rae1 h5 14. b4 Ng4 15.
Nd5 exd5 16. exd5 Nde5 17. fxe5 dxe5 18. Nf5 g6 19. Ng7+ Kd7 20. Rxf7 Rhf8 21.
Bxg6 Qxc4 22. Bf5+ Kd6 23. Bxg4 Qxe2 24. Nf5+ Kxd5 25. Nxe7+ Kd4 26. Nf5+ Kd5
27. Rd7+ Ke6 28. Ng7+ 1-0

[Event "ch-PAR 2018"]
[Site "Asuncion PAR"]
[Date "2018.11.22"]
[Round "6.5"]
[White "Zacarias, M."]
[Black "Delgado Ramirez, N."]
[Result "1/2-1/2"]
[WhiteElo "2147"]
[BlackElo "2621"]
[PlyCount "105"]
[EventDate "2018.11.18"]
[EventType "tourn"]
[EventRounds "9"]
[EventCountry "PAR"]
[SourceTitle "The Week in Chess 1255"]
[Source "Mark Crowther"]
[SourceDate "2018.11.26"]
[SourceVersion "1"]
[SourceVersionDate "2018.12.02"]
[SourceQuality "2"]

1. e4 c5 2. Nf3 d6 3. d4 cxd4 4. Nxd4 Nf6 5. Nc3 a6 6. h3 g6 7. g4 Bg7 8. Bg2
O-O 9. O-O Bd7 10. Be3 Nc6 11. Nde2 Rc8 12. b3 b5 13. Nd5 Be6 14. Qd2 Nd7 15.
Rac1 a5 16. c4 b4 17. c5 Nxc5 18. Bxc5 dxc5 19. Rxc5 Qd6 20. Rc2 Na7 21. Rfc1
Rxc2 22. Rxc2 Rc8 23. f4 Rxc2 24. Qxc2 Bxd5 25. exd5 Qb6+ 26. Kf1 h6 27. h4 Nb5
28. Qc8+ Bf8 29. Qc6 Qb8 30. Qc4 Bg7 31. Bf3 Qb6 32. Kg2 Nd6 33. Qc1 Qa7 34.
Qc6 Qe3 35. Qc1 Qd3 36. Qc7 Bf8 37. Kf2 h5 38. gxh5 Nf5 39. Qb6 gxh5 40. Bxh5
Qh3 41. Bf3 Nxh4 42. Qe3 Bg7 43. Be4 Qh2+ 44. Kf1 Bh6 45. Qg1+ Qxg1+ 46. Kxg1
f5 47. Bd3 Kf7 48. Kf2 Kf6 49. Kg3 Ng6 50. Kf3 Nh4+ 51. Kg3 Ng6 52. Kf3 Nh4+
53. Kg3 1/2-1/2

[Event "ch-PAR 2018"]
[Site "Asuncion PAR"]
[Date "2018.11.23"]
[Round "7.1"]
[White "Delgado Ramirez, N."]
[Black "Gamarra, R."]
[Result "1-0"]
[WhiteElo "2621"]
[BlackElo "1968"]
[PlyCount "79"]
[EventDate "2018.11.18"]
[EventType "tourn"]
[EventRounds "9"]
[EventCountry "PAR"]
[SourceTitle "The Week in Chess 1255"]
[Source "Mark Crowther"]
[SourceDate "2018.11.26"]
[SourceVersion "1"]
[SourceVersionDate "2018.12.02"]
[SourceQuality "2"]

1. e4 c5 2. Nf3 d6 3. c3 e6 4. d4 Be7 5. Bd3 Nd7 6. O-O Qc7 7. Re1 Ngf6 8. e5
Nd5 9. Na3 a6 10. Be4 N7b6 11. Bg5 h6 12. Bxe7 Nxe7 13. exd6 Qxd6 14. dxc5 Qxc5
15. Rc1 O-O 16. b4 Qc7 17. c4 Bd7 18. Ne5 Rad8 19. c5 Nbd5 20. Qb3 Nf6 21. Bf3
Nc6 22. Nac4 Nd4 23. Qc3 Nxf3+ 24. Qxf3 Bc6 25. Qg3 Rd4 26. a3 Rfd8 27. Nd6 Rf8
28. Qe3 Rd5 29. Rc4 Nd7 30. Nexf7 Rxf7 31. Nxf7 e5 32. Nxh6+ Kf8 33. Nf5 Nf6
34. Rh4 Kg8 35. Qh3 Bd7 36. Ne7+ Kf7 37. Nxd5 Nxd5 38. Qg3 Nf4 39. Rh7 Ng6 40.
h4 1-0

[Event "ch-PAR 2018"]
[Site "Asuncion PAR"]
[Date "2018.11.24"]
[Round "8.5"]
[White "Delgado Ramirez, N."]
[Black "Aguero Centurio, Abel Alejandro"]
[Result "1-0"]
[WhiteElo "2621"]
[BlackElo "1996"]
[PlyCount "47"]
[EventDate "2018.11.18"]
[EventType "tourn"]
[EventRounds "9"]
[EventCountry "PAR"]
[SourceTitle "The Week in Chess 1255"]
[Source "Mark Crowther"]
[SourceDate "2018.11.26"]
[SourceVersion "1"]
[SourceVersionDate "2018.12.02"]
[SourceQuality "2"]

1. e4 e6 2. d4 d5 3. Nd2 Nf6 4. e5 Nfd7 5. f4 c5 6. Ngf3 Qb6 7. c3 cxd4 8. Nxd4
Nc6 9. N2f3 Be7 10. Bd3 O-O 11. O-O f6 12. exf6 Bxf6 13. Kh1 e5 14. Nxc6 Qxc6
15. fxe5 Bxe5 16. Qc2 h6 17. Bd2 Bf6 18. Rae1 Nc5 19. Bh7+ Kh8 20. Ne5 Qb5 21.
Ng6+ Kxh7 22. Nxf8+ Kg8 23. Qh7+ Kxf8 24. Rxf6+ 1-0

[Event "ch-PAR 2018"]
[Site "Asuncion PAR"]
[Date "2018.11.25"]
[Round "9.2"]
[White "Franco Pinanez, Miguel A"]
[Black "Delgado Ramirez, N."]
[Result "0-1"]
[WhiteElo "1835"]
[BlackElo "2621"]
[PlyCount "52"]
[EventDate "2018.11.18"]
[EventType "tourn"]
[EventRounds "9"]
[EventCountry "PAR"]
[SourceTitle "The Week in Chess 1255"]
[Source "Mark Crowther"]
[SourceDate "2018.11.26"]
[SourceVersion "1"]
[SourceVersionDate "2018.12.02"]
[SourceQuality "2"]

1. e4 c5 2. Nf3 d6 3. d4 cxd4 4. Nxd4 Nf6 5. Nc3 a6 6. h3 e5 7. Nde2 b5 8. Bg5
Nbd7 9. Nd5 Be7 10. Bxf6 Bxf6 11. Nec3 Rb8 12. a3 O-O 13. Be2 Bg5 14. Bg4 a5
15. b4 Bb7 16. Nxb5 Bxd5 17. Qxd5 Nf6 18. Qd3 d5 19. exd5 e4 20. Qe2 h5 21. h4
Nxg4 22. hxg5 Qxg5 23. g3 e3 24. O-O exf2+ 25. Rxf2 Nxf2 26. Kxf2 Qf6+ 0-1

[Event "43rd Olympiad 2018"]
[Site "Batumi GEO"]
[Date "2018.09.25"]
[Round "2.31"]
[White "Amin, B."]
[Black "Delgado Ramirez, N."]
[Result "1-0"]
[WhiteElo "2686"]
[BlackElo "2619"]
[PlyCount "167"]
[EventDate "2018.09.24"]
[EventType "team"]
[EventRounds "11"]
[EventCountry "GEO"]
[SourceTitle "The Week in Chess 1247"]
[Source "Mark Crowther"]
[SourceDate "2018.10.01"]
[SourceVersion "1"]
[SourceVersionDate "2018.10.01"]
[SourceQuality "2"]
[WhiteTeam "Egypt"]
[BlackTeam "Paraguay"]
[WhiteTeamCountry "EGY"]
[BlackTeamCountry "PAR"]

1. e4 c5 2. Nf3 d6 3. g3 Nf6 4. d3 Nc6 5. Bg2 e5 6. O-O Be7 7. Nc3 O-O 8. Bg5
Be6 9. a4 h6 10. Bxf6 Bxf6 11. Nd2 g6 12. Nc4 a6 13. Nd5 Bxd5 14. exd5 Na5 15.
Nd2 Bg7 16. c3 b6 17. Rb1 Rc8 18. b4 Nb7 19. Qb3 cxb4 20. cxb4 b5 21. Rfc1 Qg5
22. Qa2 bxa4 23. Rc6 f5 24. Nf3 Qf6 25. Qxa4 Rb8 26. Re1 e4 27. Nd2 Nd8 28. Rc4
Nf7 29. dxe4 Ne5 30. Rc3 Ng4 31. Rc2 Qd4 32. Nf3 Qxb4 33. Qxb4 Rxb4 34. exf5
Rxf5 35. Rc6 Rxd5 36. h3 Nf6 37. Nh4 Rc5 38. Rxd6 g5 39. Ng6 Kh7 40. Ne5 Rcb5
41. Rxa6 Rb1 42. Rxb1 Rxb1+ 43. Bf1 Ne4 44. Nf3 Kg8 45. Ra4 Nd6 46. Kg2 Kf7 47.
h4 Bf6 48. h5 Rb2 49. Bd3 Rb7 50. Nh2 Kg7 51. Ng4 Be7 52. Ra6 Bf8 53. Bg6 Be7
54. Ne3 Rd7 55. Bf5 Rb7 56. Bc2 Kg8 57. Ba4 Rb2 58. Bc6 Rb8 59. Ng4 Bf8 60. Ne5
Rd8 61. Bd5+ Kh8 62. Kf3 Kh7 63. Ba2 Bg7 64. Bb1+ Kg8 65. Ng4 Kh8 66. Kg2 Kg8
67. Bg6 Nb5 68. Rb6 Nd6 69. Ra6 Nb5 70. Re6 Kf8 71. Kh3 Nd4 72. Rb6 Ke7 73.
Rb7+ Rd7 74. Rb1 Rd8 75. Kg2 Kf8 76. Rb7 Nc6 77. Rf7+ Kg8 78. Rc7 Nd4 79. Bb1
Nb5 80. Ba2+ Kh8 81. Re7 Nd6 82. Re6 Nf5 83. Bb1 Nd4 84. Rb6 1-0

[Event "43rd Olympiad 2018"]
[Site "Batumi GEO"]
[Date "2018.09.26"]
[Round "3.29"]
[White "Bomo, K."]
[Black "Delgado Ramirez, N."]
[Result "0-1"]
[WhiteElo "2300"]
[BlackElo "2619"]
[PlyCount "80"]
[EventDate "2018.09.24"]
[EventType "team"]
[EventRounds "11"]
[EventCountry "GEO"]
[SourceTitle "The Week in Chess 1247"]
[Source "Mark Crowther"]
[SourceDate "2018.10.01"]
[SourceVersion "1"]
[SourceVersionDate "2018.10.01"]
[SourceQuality "2"]
[WhiteTeam "Nigeria"]
[BlackTeam "Paraguay"]
[WhiteTeamCountry "NGR"]
[BlackTeamCountry "PAR"]

1. c4 e5 2. g3 f5 3. Nc3 Nf6 4. Nf3 d6 5. Bg2 g6 6. O-O Bg7 7. d4 e4 8. Ng5 O-O
9. f3 exf3 10. Bxf3 Nc6 11. Nh3 h6 12. Nf4 g5 13. Nfd5 Nxd5 14. Bxd5+ Kh8 15.
e3 Bd7 16. a3 Rb8 17. Qd3 a6 18. Bg2 b5 19. b4 Ne7 20. cxb5 axb5 21. Bb2 c6 22.
Rf2 d5 23. Nb1 Nc8 24. Nd2 Nd6 25. Nb3 Qe7 26. Nc5 Rbe8 27. a4 bxa4 28. Rxa4
Bc8 29. Bc1 Nc4 30. Ra8 Qc7 31. Ra1 Rf7 32. Re2 f4 33. e4 Bg4 34. Rf2 fxg3 35.
hxg3 Rxf2 36. Kxf2 Qf7+ 37. Kg1 Be2 38. Qc3 dxe4 39. Be3 Nxe3 40. Qxe3 Qc4 0-1

[Event "43rd Olympiad 2018"]
[Site "Batumi GEO"]
[Date "2018.09.27"]
[Round "4.38"]
[White "Delgado Ramirez, N."]
[Black "Docx, S."]
[Result "1-0"]
[WhiteElo "2619"]
[BlackElo "2427"]
[PlyCount "63"]
[EventDate "2018.09.24"]
[EventType "team"]
[EventRounds "11"]
[EventCountry "GEO"]
[SourceTitle "The Week in Chess 1247"]
[Source "Mark Crowther"]
[SourceDate "2018.10.01"]
[SourceVersion "1"]
[SourceVersionDate "2018.10.01"]
[SourceQuality "2"]
[WhiteTeam "Paraguay"]
[BlackTeam "Belgium"]
[WhiteTeamCountry "PAR"]
[BlackTeamCountry "BEL"]

1. e4 e5 2. Nf3 Nc6 3. Bb5 a6 4. Ba4 Nf6 5. Qe2 b5 6. Bb3 Bc5 7. c3 O-O 8. d3
d5 9. O-O d4 10. h3 h6 11. cxd4 Nxd4 12. Nxd4 Bxd4 13. Nd2 Re8 14. Nf3 c5 15.
Nh4 Ra7 16. a4 Qb6 17. Qf3 Rc7 18. axb5 axb5 19. g4 c4 20. Bc2 Nh7 21. Nf5 Ng5
22. Qg3 Ne6 23. Kh2 Bb7 24. g5 hxg5 25. Bxg5 Nxg5 26. Qxg5 g6 27. Rg1 Bc5 28.
Rg4 Bf8 29. Rag1 Rd7 30. dxc4 Qd8 31. Qh5 Re6 32. Rh4 1-0

[Event "43rd Olympiad 2018"]
[Site "Batumi GEO"]
[Date "2018.09.30"]
[Round "6.32"]
[White "Cordova, E."]
[Black "Delgado Ramirez, N."]
[Result "0-1"]
[WhiteElo "2609"]
[BlackElo "2619"]
[PlyCount "136"]
[EventDate "2018.09.24"]
[EventType "team"]
[EventRounds "11"]
[EventCountry "GEO"]
[SourceTitle "The Week in Chess 1247"]
[Source "Mark Crowther"]
[SourceDate "2018.10.01"]
[SourceVersion "1"]
[SourceVersionDate "2018.10.01"]
[SourceQuality "2"]
[WhiteTeam "Peru"]
[BlackTeam "Paraguay"]
[WhiteTeamCountry "PER"]
[BlackTeamCountry "PAR"]

1. Nf3 Nf6 2. g3 g6 3. c4 c6 4. b3 Bg7 5. Bb2 O-O 6. Bg2 d5 7. O-O Bf5 8. d3
Qc8 9. Nbd2 Bh3 10. Rc1 Bxg2 11. Kxg2 Qd8 12. b4 Nbd7 13. a4 e6 14. Qb3 Re8 15.
Rfd1 Rc8 16. Qa2 Bf8 17. b5 e5 18. cxd5 cxd5 19. Rxc8 Qxc8 20. Nf1 Qc7 21. Ne3
d4 22. Nc4 b6 23. Ng5 Qb7+ 24. f3 Nc5 25. Kg1 Nd5 26. Ne4 Qd7 27. Ncd6 Nxe4 28.
Nxe4 Kh8 29. Rc1 f5 30. Nf2 Bc5 31. Qb3 Qd6 32. Ra1 Rc8 33. Rc1 Kg7 34. Rc2 Rc7
35. Bc1 Ne3 36. Bxe3 dxe3 37. Nh3 Rd7 38. Kg2 h6 39. Qc4 g5 40. Ng1 Qd5 41. g4
Qxc4 42. Rxc4 f4 43. h4 Kf6 44. hxg5+ hxg5 45. Kf1 Rd8 46. Nh3 Rg8 47. Kg2 Ke6
48. Kf1 Kd7 49. Kg2 Be7 50. Rc6 Rc8 51. Rg6 Rc2 52. Kf1 Rc1+ 53. Kg2 Re1 54.
Ng1 Ra1 55. Nh3 Rxa4 56. Nxg5 Ra2 57. Nf7 Rxe2+ 58. Kh3 Rf2 59. Nxe5+ Kc7 60.
Rc6+ Kb7 61. Re6 Bd8 62. Nc6 Rxf3+ 63. Kh2 Bc7 64. Re7 Rg3 65. Nb4 Kc8 66. Nd5
Bd6 67. Re8+ Kb7 68. Nf6 f3 0-1

[Event "43rd Olympiad 2018"]
[Site "Batumi GEO"]
[Date "2018.10.01"]
[Round "7.33"]
[White "Delgado Ramirez, N."]
[Black "Kovalenko, I."]
[Result "0-1"]
[WhiteElo "2619"]
[BlackElo "2646"]
[PlyCount "98"]
[EventDate "2018.09.24"]
[EventType "team"]
[EventRounds "11"]
[EventCountry "GEO"]
[SourceTitle "The Week in Chess 1247"]
[Source "Mark Crowther"]
[SourceDate "2018.10.01"]
[SourceVersion "1"]
[SourceVersionDate "2018.10.01"]
[SourceQuality "2"]
[WhiteTeam "Paraguay"]
[BlackTeam "Latvia"]
[WhiteTeamCountry "PAR"]
[BlackTeamCountry "LAT"]

1. e4 e6 2. d4 d5 3. e5 c5 4. c3 Nc6 5. Nf3 Qb6 6. a3 c4 7. Nbd2 Na5 8. g3 Bd7
9. Bg2 Be7 10. O-O Nh6 11. Re1 Nf5 12. Rb1 Rc8 13. Qc2 O-O 14. Nf1 Qb3 15. Qe2
Ba4 16. g4 Nh4 17. Nxh4 Bxh4 18. g5 Qc2 19. Bd2 Qf5 20. Ne3 Qd3 21. Qg4 Bxg5
22. Qxg5 Qxd2 23. f4 Bc2 24. f5 Bxb1 25. Rxb1 h6 26. Qg3 Kh8 27. Rf1 Nc6 28. f6
Rg8 29. Qh3 Qd3 30. fxg7+ Rxg7 31. Qxh6+ Qh7 32. Qf6 Kg8 33. Kh1 Rf8 34. Qf4
Qh5 35. h3 Qg5 36. Qf3 Nb8 37. Ng4 Nd7 38. Qe2 Rg6 39. Rf2 Kg7 40. Qf3 b5 41.
Bf1 f5 42. exf6+ Rfxf6 43. Qe2 Rxf2 44. Qxf2 Nf6 45. Ne5 Qg3 46. Qxg3 Rxg3 47.
Nc6 a6 48. Nd8 Re3 49. Kg2 Re1 0-1

[Event "43rd Olympiad 2018"]
[Site "Batumi GEO"]
[Date "2018.09.24"]
[Round "1.52"]
[White "Delgado Ramirez, N."]
[Black "Hasford, John Kojo"]
[Result "1-0"]
[WhiteElo "2619"]
[BlackElo "2042"]
[PlyCount "47"]
[EventDate "2018.09.24"]
[EventType "team"]
[EventRounds "11"]
[EventCountry "GEO"]
[SourceTitle "The Week in Chess 1246"]
[Source "Mark Crowther"]
[SourceDate "2018.09.24"]
[SourceVersion "1"]
[SourceVersionDate "2018.09.24"]
[SourceQuality "2"]
[WhiteTeam "Paraguay"]
[BlackTeam "Ghana"]
[WhiteTeamCountry "PAR"]
[BlackTeamCountry "GHA"]

1. e4 d6 2. d4 Nf6 3. Nc3 g6 4. Bg5 Bg7 5. Qd2 a6 6. O-O-O O-O 7. Bh6 Nbd7 8.
h4 c5 9. Bxg7 Kxg7 10. e5 Ng8 11. exd6 exd6 12. h5 Qf6 13. Nf3 Re8 14. Nd5 Qd8
15. dxc5 dxc5 16. Qf4 Rf8 17. hxg6 fxg6 18. Rxh7+ Kxh7 19. Ng5+ Qxg5 20. Qxg5
Rf5 21. Qh4+ Kg7 22. Nc7 Rb8 23. Ne8+ Kf8 24. Qd8 1-0

[Event "6th Brazil Open 2018"]
[Site "Teresina BRA"]
[Date "2018.08.03"]
[Round "1.2"]
[White "Costa, Edvaldo da Cruz"]
[Black "Delgado Ramirez, N."]
[Result "0-1"]
[WhiteElo "1728"]
[BlackElo "2615"]
[PlyCount "76"]
[EventDate "2018.08.03"]
[EventType "swiss"]
[EventRounds "6"]
[EventCountry "BRA"]
[SourceTitle "The Week in Chess 1239"]
[Source "Mark Crowther"]
[SourceDate "2018.08.06"]
[SourceVersion "1"]
[SourceVersionDate "2018.08.06"]
[SourceQuality "2"]

1. d4 Nf6 2. c4 e6 3. Nc3 Bb4 4. Bd2 O-O 5. e3 b6 6. Bd3 Bb7 7. Nf3 d6 8. a3
Bxc3 9. Bxc3 Nbd7 10. O-O Ne4 11. Bxe4 Bxe4 12. b4 f5 13. Nd2 Bb7 14. Qb3 Qg5
15. d5 f4 16. Nf3 Qg6 17. Rfe1 e5 18. e4 Nf6 19. Nd2 Bc8 20. f3 Qf7 21. c5 g5
22. Re2 g4 23. c6 h5 24. b5 Nh7 25. Ra2 Ng5 26. Ba1 Qg6 27. Kh1 Rf7 28. Qd1 Rg7
29. Qf1 a6 30. g3 gxf3 31. Rf2 Bh3 32. Qd3 fxg3 33. hxg3 axb5 34. Kh2 Bg4 35.
Nxf3 Nxf3+ 36. Rxf3 Bxf3 37. Qxf3 Rf8 38. Qe3 h4 0-1

[Event "6th Brazil Open 2018"]
[Site "Teresina BRA"]
[Date "2018.08.03"]
[Round "2.2"]
[White "Delgado Ramirez, N."]
[Black "Bastos, Werton Alvarenga"]
[Result "1-0"]
[WhiteElo "2615"]
[BlackElo "1927"]
[PlyCount "51"]
[EventDate "2018.08.03"]
[EventType "swiss"]
[EventRounds "6"]
[EventCountry "BRA"]
[SourceTitle "The Week in Chess 1239"]
[Source "Mark Crowther"]
[SourceDate "2018.08.06"]
[SourceVersion "1"]
[SourceVersionDate "2018.08.06"]
[SourceQuality "2"]

1. e4 c5 2. Nf3 g6 3. c3 Nf6 4. e5 Nd5 5. d4 cxd4 6. Qb3 e6 7. cxd4 Bg7 8. Nc3
Nxc3 9. bxc3 f6 10. exf6 Bxf6 11. Bh6 Nc6 12. Bd3 Qa5 13. Bd2 O-O 14. h4 b6 15.
h5 Ne7 16. hxg6 hxg6 17. c4 Qa6 18. Bxg6 Bb7 19. Qe3 Nxg6 20. Qh6 Kf7 21. Qh7+
Bg7 22. Rh6 Bxf3 23. Qxg6+ Kg8 24. Rh7 Rf7 25. Bh6 Qa5+ 26. Kf1 1-0

[Event "6th Brazil Open 2018"]
[Site "Teresina BRA"]
[Date "2018.08.04"]
[Round "3.2"]
[White "Leitao, N."]
[Black "Delgado Ramirez, N."]
[Result "0-1"]
[WhiteElo "2117"]
[BlackElo "2615"]
[PlyCount "72"]
[EventDate "2018.08.03"]
[EventType "swiss"]
[EventRounds "6"]
[EventCountry "BRA"]
[SourceTitle "The Week in Chess 1239"]
[Source "Mark Crowther"]
[SourceDate "2018.08.06"]
[SourceVersion "1"]
[SourceVersionDate "2018.08.06"]
[SourceQuality "2"]

1. d4 Nf6 2. c4 e6 3. Nc3 Bb4 4. e3 O-O 5. Bd3 d5 6. Nge2 dxc4 7. Bxc4 c5 8.
O-O cxd4 9. exd4 Nbd7 10. Bg5 Be7 11. Rc1 Nb6 12. Bd3 Bd7 13. Bb1 Bc6 14. Qd3
g6 15. Rfd1 Nfd5 16. Bh6 Re8 17. a3 Nxc3 18. Nxc3 Nd5 19. Ne4 Nf6 20. Nxf6+
Bxf6 21. Ba2 Qb6 22. b4 Ba4 23. Rd2 Bb5 24. Qe3 Rac8 25. Rcd1 Ba4 26. Bb3 Bxb3
27. Qxb3 Qb5 28. d5 Rc3 29. Qa2 exd5 30. Rxd5 Qa4 31. Bc1 Rc2 32. Qb1 Rce2 33.
Bd2 b6 34. Rd3 Qb5 35. Be3 Qf5 36. R3d2 R8xe3 0-1

[Event "6th Brazil Open 2018"]
[Site "Teresina BRA"]
[Date "2018.08.04"]
[Round "4.2"]
[White "Delgado Ramirez, N."]
[Black "Pereira, Si"]
[Result "1-0"]
[WhiteElo "2615"]
[BlackElo "2252"]
[PlyCount "75"]
[EventDate "2018.08.03"]
[EventType "swiss"]
[EventRounds "6"]
[EventCountry "BRA"]
[SourceTitle "The Week in Chess 1239"]
[Source "Mark Crowther"]
[SourceDate "2018.08.06"]
[SourceVersion "1"]
[SourceVersionDate "2018.08.06"]
[SourceQuality "2"]

1. e4 e5 2. Nf3 Nc6 3. Bb5 a6 4. Ba4 Nf6 5. Qe2 Be7 6. c3 b5 7. Bb3 O-O 8. O-O
d5 9. d3 d4 10. h3 Rb8 11. Rd1 Bc5 12. cxd4 Nxd4 13. Nxd4 Bxd4 14. Nd2 Nd7 15.
Nf3 Nc5 16. Bd5 Be6 17. Bg5 Qd6 18. Nxd4 exd4 19. Qf3 f5 20. Bf4 Qd7 21. Rac1
fxe4 22. dxe4 Bxd5 23. exd5 g5 24. Rxc5 Rxf4 25. Qg3 h6 26. Rc6 Rb6 27. Rxb6
cxb6 28. Qd3 Qf5 29. Qxf5 Rxf5 30. Rxd4 Rf7 31. Re4 Rd7 32. Re5 Kf7 33. g3 b4
34. Kg2 a5 35. Kf3 b5 36. Ke4 Rc7 37. d6 Rc2 38. d7 1-0

[Event "6th Brazil Open 2018"]
[Site "Teresina BRA"]
[Date "2018.08.05"]
[Round "5.1"]
[White "De Lima, Alexsandro Barros"]
[Black "Delgado Ramirez, N."]
[Result "0-1"]
[WhiteElo "2131"]
[BlackElo "2615"]
[PlyCount "56"]
[EventDate "2018.08.03"]
[EventType "swiss"]
[EventRounds "6"]
[EventCountry "BRA"]
[SourceTitle "The Week in Chess 1239"]
[Source "Mark Crowther"]
[SourceDate "2018.08.06"]
[SourceVersion "1"]
[SourceVersionDate "2018.08.06"]
[SourceQuality "2"]

1. e4 c5 2. Nf3 d6 3. d4 cxd4 4. Nxd4 Nf6 5. Nc3 a6 6. f4 e5 7. Nf3 Nbd7 8. Be3
Be7 9. Qd3 O-O 10. O-O-O b5 11. a3 Bb7 12. fxe5 dxe5 13. g4 b4 14. axb4 Bxb4
15. g5 Qa5 16. gxf6 Nxf6 17. Nd2 Rfd8 18. Qc4 Bxc3 19. Nb3 Rxd1+ 20. Kxd1 Qd8+
21. Kc1 Bxe4 22. Rg1 Rc8 23. Nc5 Bd4 24. Bxd4 exd4 25. Bh3 Qa5 26. Bxc8 Qa1+
27. Kd2 Qxg1 28. Qe2 Qg5+ 0-1

[Event "6th Brazil Open 2018"]
[Site "Teresina BRA"]
[Date "2018.08.05"]
[Round "6.1"]
[White "Delgado Ramirez, N."]
[Black "Leitao, R."]
[Result "1/2-1/2"]
[WhiteElo "2615"]
[BlackElo "2618"]
[PlyCount "23"]
[EventDate "2018.08.03"]
[EventType "swiss"]
[EventRounds "6"]
[EventCountry "BRA"]
[SourceTitle "The Week in Chess 1239"]
[Source "Mark Crowther"]
[SourceDate "2018.08.06"]
[SourceVersion "1"]
[SourceVersionDate "2018.08.06"]
[SourceQuality "2"]

1. e4 c5 2. Nf3 e6 3. d4 cxd4 4. Nxd4 Nc6 5. Nc3 Qc7 6. g3 a6 7. Bg2 d6 8. O-O
Bd7 9. Re1 Be7 10. Nxc6 Bxc6 11. a4 Nf6 12. a5 1/2-1/2

[Event "IV Concordia Open 2018"]
[Site "Concordia BRA"]
[Date "2018.06.29"]
[Round "1.1"]
[White "Pereira Fo, Hildebrando Apoloni"]
[Black "Delgado Ramirez, N."]
[Result "0-1"]
[WhiteElo "1600"]
[BlackElo "2613"]
[PlyCount "50"]
[EventDate "2018.06.29"]
[EventType "swiss"]
[EventRounds "6"]
[EventCountry "BRA"]
[SourceTitle "The Week in Chess 1234"]
[Source "Mark Crowther"]
[SourceDate "2018.07.02"]
[SourceVersion "1"]
[SourceVersionDate "2018.07.02"]
[SourceQuality "2"]

1. c4 e5 2. d3 c6 3. Nf3 Nf6 4. g3 Bb4+ 5. Bd2 Bxd2+ 6. Qxd2 d6 7. Bg2 O-O 8.
O-O Re8 9. Nc3 d5 10. cxd5 cxd5 11. Rac1 Nc6 12. a3 Bg4 13. e4 Bxf3 14. Bxf3
Nd4 15. Bd1 dxe4 16. Kg2 exd3 17. Qxd3 Qb6 18. Na4 Qd6 19. Qe3 Nd5 20. Qe4 f5
21. Qh4 Re6 22. Nc5 Rh6 23. Qg5 Nf4+ 24. Kh1 Rg6 25. Nxb7 Qd5+ 0-1

[Event "IV Concordia Open 2018"]
[Site "Concordia BRA"]
[Date "2018.06.29"]
[Round "2.1"]
[White "Delgado Ramirez, N."]
[Black "Dornelles, Marcio Neron Camarg"]
[Result "1-0"]
[WhiteElo "2613"]
[BlackElo "1977"]
[PlyCount "75"]
[EventDate "2018.06.29"]
[EventType "swiss"]
[EventRounds "6"]
[EventCountry "BRA"]
[SourceTitle "The Week in Chess 1234"]
[Source "Mark Crowther"]
[SourceDate "2018.07.02"]
[SourceVersion "1"]
[SourceVersionDate "2018.07.02"]
[SourceQuality "2"]

1. e4 e6 2. d4 d5 3. Nd2 Nf6 4. e5 Nfd7 5. f4 c5 6. c3 Nc6 7. Ndf3 Qb6 8. a3
cxd4 9. cxd4 Be7 10. h4 Na5 11. Ne2 Nb3 12. Rb1 Nxc1 13. Qxc1 Qd8 14. Nc3 Nb6
15. Bd3 Bd7 16. Qc2 Rc8 17. Qf2 Nc4 18. O-O g6 19. Ne2 Bb5 20. a4 Bd7 21. h5
Qa5 22. Ng3 Kd8 23. b3 Nb6 24. Ng5 Be8 25. Qe3 Nd7 26. Ne2 Kc7 27. Bb5 a6 28.
b4 Qb6 29. Rfc1+ Kd8 30. Bxd7 Kxd7 31. Rc5 Rc6 32. a5 Qc7 33. Rxc6 bxc6 34. h6
Bf8 35. Qh3 Qb7 36. Nc3 c5 37. bxc5 Qc7 38. Nxd5 1-0

[Event "IV Concordia Open 2018"]
[Site "Concordia BRA"]
[Date "2018.06.30"]
[Round "3.1"]
[White "Gauche, C."]
[Black "Delgado Ramirez, N."]
[Result "0-1"]
[WhiteElo "2235"]
[BlackElo "2613"]
[PlyCount "82"]
[EventDate "2018.06.29"]
[EventType "swiss"]
[EventRounds "6"]
[EventCountry "BRA"]
[SourceTitle "The Week in Chess 1234"]
[Source "Mark Crowther"]
[SourceDate "2018.07.02"]
[SourceVersion "1"]
[SourceVersionDate "2018.07.02"]
[SourceQuality "2"]

1. d4 Nf6 2. Bg5 e6 3. Nd2 h6 4. Bh4 d6 5. e4 Nbd7 6. c3 Be7 7. Bd3 O-O 8. g4
e5 9. Bg3 Nb6 10. f3 Re8 11. d5 c6 12. c4 Nfd7 13. Ne2 Nc5 14. Bc2 Bg5 15. b3
Qf6 16. O-O h5 17. Nb1 h4 18. Be1 Be3+ 19. Kh1 Bxg4 20. Ng1 Bh5 21. Bf2 Bxf2
22. Rxf2 cxd5 23. cxd5 Ncd7 24. a4 Nf8 25. a5 Nbd7 26. a6 bxa6 27. Rxa6 Nc5 28.
Rc6 Rab8 29. Nd2 Ng6 30. Nc4 Red8 31. Nxd6 Rxd6 32. Rxc5 Nf4 33. Qf1 Ra6 34.
Bd3 Ra1 35. Qxa1 Nxd3 36. Rcc2 Nxf2+ 37. Rxf2 Rxb3 38. Qd1 Qb6 39. Rc2 h3 40.
d6 Rb1 41. Rc1 Qf2 0-1